| 000 | 00669nam a2200193 a 4500 | ||
|---|---|---|---|
| 005 | 20140412111259.0 | ||
| 008 | 000825s19uu xx 00 eng d | ||
| 020 | _a971-121-008-8 | ||
| 050 |
_aFil E _bDa15 1980 |
||
| 100 | _aDesuasido, Rodolfo | ||
| 245 |
_aDalawang dagang bulag / _cstory of Rodolfo Desuasido ; illustrated by Jimmy Torres. |
||
| 260 |
_aMetro Manila, Philippines : _bAklat Adarna, _c1980. |
||
| 300 | _a1 v. (unp.) ; ill. | ||
| 440 | _aAklat ng Karanasan | ||
| 500 | _aCatholic Press Award 1981; Gintong Aklat Award 1981; Gawad Surian ng Wikang Pambansa 1982 | ||
| 650 | _aMice stories-Fiction | ||
| 650 | _aBlinds-Fiction | ||
| 999 |
_c103293 _d103293 |
||